Quiz wiedzy o Wielkiej Brytanii - Statystyki

Ogólne statystyki
  • Ten quiz został rozwiązany 138 razy
  • Średni wynik to 13 z 44
Statystyki odpowiedzi
Pytanie Odpowiedź % Poprawnych
Stolica Londyn
80%
Obecny monarcha Karol III
65%
Barwy narodowe Czerwony
60%
Barwy narodowe Biały
58%
Barwy narodowe Niebieski
58%
Waluta Funt Szterling
54%
Pełna nazwa państwa Zjednoczone Królestwo Wielkiej Brytanii i Irlandii Północnej
52%
Patron Irlandii Północnej Święty Patryk
51%
Tytuł hymnu God Save the King
50%
Kierunek ruchu pojazdów (po której stronie jezdni jeżdżą pojazdy) lewostronny
48%
Najdłużej panujący władca w historii kraju Elżbieta II
40%
W którym roku odbyły się igrzyska w Londynie? 2012
38%
Sport narodowy Piłka nożna
38%
Roślina- symbol Irlandii Północnej Czterolistna koniczyna
37%
Nazwa flagi Wielkiej Brytanii Union Jack
35%
Główne wyznanie religijne anglikanizm
30%
Roślina- symbol Anglii Czerwona róża
30%
Patron Szkocji Święty Andrzej
30%
Liczba ludności (w mln) 67
27%
Typ państwa Monarchia parlamentarna
27%
Patron Anglii Święty Jerzy
27%
Najdłuższa rzeka Severn
26%
Najwyższy szczyt Wielkiej Brytanii Ben Nevis
25%
Siedziba władcy Pałac Buckingham
25%
Roślina- symbol Szkocji Oset
24%
Patron Walii Święty Dawid
24%
Władca, który odłączył się od kościoła katolickiego Henryk VIII
23%
W którym roku nastąpił wielki pożar w Londynie? 1666
20%
Kod telefoniczny +44
20%
Roślina- symbol Walii Żonkil
20%
W którym roku Wielka Brytania przystąpiła do NATO 1949
17%
Rok w którym Anglicy zostali mistrzami świata w piłce nożnej 1966
17%
Kiedy obchodzi się Guy Fawkes' Day? 5 listopada
15%
Powierzchnia (zaokrąglona, w tys. km2) 245
14%
Nazwa Kanału La Manche używana przez Anglików English Channel
14%
Premier Liz Truss
14%
W którym roku odbyły się igrzyska w Londynie? 1908
13%
W którym roku odbyły się igrzyska w Londynie? 1948
12%
Siedziba parlametu Pałac Westminsterski
11%
Rok wprowadzenia Wielkiej Karty Swobód 1215
8%
Data opuszczenia Unii Europejskiej przez Wielką Brytanię 31.01.2020
8%
Najwyższy szczyt Walii Snowdon
8%
Miejsce w którym odbywają się najpopularniejsze wyścigi konne w Wielkiej Brytanii Ascot
7%
Rok wydania Habeas Corpus Act 1679
5%
Nie znaleziono quizów pasujących do podanych kryteriów
Rozkład punktacji
Procent ludzi z każdym wynikiem
Percentyl według liczby udzielonych odpowiedzi
Twoja historia wyników
Nie rozwiązałeś tego quizu